Top 15 landen met Covid-19 sterfgevallen - 26 maa 2021 - Statistieken

Algemene statistieken
  • Deze quiz is 2 keer genomen
  • De gemiddelde score is 11 van 25
Antwoordstatistieken
land % Correct
Brazilië
100%
Duitsland
100%
Frankrijk
100%
India
100%
Italië
100%
Rusland
100%
Verenigde Staten
100%
Verenigd Koninkrijk
100%
Zuid-Afrika
100%
België
50%
Mexico
50%
Portugal
50%
Spanje
50%
Argentinië
0%
Bosnië en Herzegovina
0%
Bulgarije
0%
Colombia
0%
Hongarije
0%
Iran
0%
Noord-Macedonië
0%
Peru
0%
Polen
0%
Slovenië
0%
Slowakije
0%
Tsjechië
0%
Geen overeenkomende quizzen gevonden
Scoreverdeling
Procent van Mensen met Elke Score
Percentiel versus Aantal Correcte Antwoorden
Uw Scoregeschiedenis
U heeft deze quiz nog niet genomen